| 000 | 00679 a2200181 4500 | ||
|---|---|---|---|
| 003 | NUST | ||
| 005 | 20221228135517.0 | ||
| 040 | _cNust | ||
| 082 | _a355.4,HIT | ||
| 100 |
_aHitch, Charles J _9106226 |
||
| 245 |
_aThe Economics of Defense in the Nuclear Age / _cCharles J. Hitch and Roland N. McKean |
||
| 260 |
_aLondon _bHarvard University press _c1960 |
||
| 300 | _a344 p.; | ||
| 505 | _aPart -1:- The Resources Available for Defense (Page-7), Part -2:- Efficiency in using Defense Resources (Page-105), Part -3:- Special Problems and Applications (Page-243). | ||
| 600 |
_aCharles j Hitch _9106227 |
||
| 650 |
_aEconomics of Defense _9106228 |
||
| 942 |
_2ddc _cBK _k355.4,HIT |
||
| 999 |
_c186294 _d186294 |
||